Normal view
MARC view
Entry Topical Term
001 - CONTROL NUMBER
- control field: 28244
003 - CONTROL NUMBER IDENTIFIER
- control field: dpl
005 - DATE AND TIME OF LATEST TRANSACTION
- control field: 20110525113223.0
008 - FIXED-LENGTH DATA ELEMENTS
- fixed length control field: 110525|||a|||||| | ||| d
040 ## - CATALOGING SOURCE
- Original cataloging agency: dpl
- Transcribing agency: dpl
150 ## - HEADING--TOPICAL TERM
- Topical term or geographic name as entry element: Tamil poetry
- Form subdivision: Translations into English.
670 ## - SOURCE DATA FOUND
- Source citation: Work cat.: (dpl): Ramanujan, A. K., 1929-1993. 28243, The Oxford India Ramanujan /, 2010
670 ## - SOURCE DATA FOUND
- Source citation: Work cat.: (dpl): Ramanujan, A. K., 1929-1993. 28243, The Oxford India Ramanujan /, 2010
